000 01030nam a2200253 a 4500
001 000021478
005 20240301073829.0
008 100908s1992 dr 001 0 spa d
040 _aDO-SdBNP
_bspa
_cBNPHU
082 _a327.0972
_bR457L
100 1 _aReyes Sánchez, Miguel
_916027
245 1 0 _aEn el laberinto de las palabras :
_bsemblanza histórica de la realidad centroamericana /
_cMiguel Reyes Sánchez ; prólogo Tony Raful.
260 _aSanto Domingo :
_bImprenta del Banco Central,
_c1992.
300 _a214 p. ;
_c22 cm.
500 _aIncluye índice de nombres
500 _aIncluye referencia bibliográfica y notas al pie de las páginas
504 _aBiibliografía : p. 187-209
590 _aInventariado, 2018/BT
651 4 _aAmérica Central
_xRelaciones Exteriores
_944790
650 4 _aDerecho internacional
_zAmérica Central
_xHistoria
_944791
651 4 _aAmérica Central
_xPolítica Y Gobierno
_944792
700 1 2 _aRaful, Tony,
_d1951-
_epról.
_91377
910 _aValidado. Control de calidad. MFF
999 _c20978
_d20978